Indefinite Integrals (Calculus) - Statistics

General Stats
  • This quiz has been taken 424 times
  • The average score is 9 of 16
Answer Stats
Hint Answer % Correct
∫ sin(x) dx -cos(x)
89%
∫ cos(x) dx sin(x)
88%
∫ k dx kx
82%
∫ x^p dx x^p/p+1
81%
∫ e^x dx e^x
76%
∫ sec^2(x) dx tan(x)
73%
∫ f(ax) dx (1/a)(F(ax))
67%
∫ sec(x)tan(x) dx sec(x)
63%
∫ x^-1 dx ln(x)
61%
∫ csc(x)cot(x) dx -csc(x)
59%
∫ csc^2(x) dx -cot(x)
58%
∫ (1+x^2)^-1 dx tan^-1(x)
29%
∫ (1-x^2)^-1/2 dx sin^-1(x)
28%
∫ sec(x) dx ln(sec(x)+tan(x))
21%
∫ csc(x) dx -ln(csc(x)+cot(x))
16%
∫ (x^-1)(x^2-1)^-1/2 dx sec^-1(x)
15%
No matching quizzes found
Score Distribution
Percent of People with Each Score
Percentile by Number Answered
Your Score History
You have not taken this quiz